000 00666nam a2200289Ia 4500
005 20260324150710.0
008 008 260324s9999 xx 000 0 eng d
020 _a9781003463566
037 _aEBOOK
040 _aCRL
040 _beng
040 _cCRL
041 _2eng
041 _aeng
084 _qCRL
100 _aR. O. Winstedt
_91226484
245 4 _aThe Malay Magician
245 0 _bBeing Shaman, Saiva and Sufi
260 _bTaylor and Francis
260 _c1951
365 _a
365 _b150
856 _uhttp://www.taylorfrancis.com/books/9781003463566
942 _cEBOOK
999 _c1837234
_d1837234